Quick Pick: 1-10 Entertainment Things Quiz Stats

 Plays Quiz Updated Aug 24, 2017

Challenge
Share
Tweet
Embed
Score 0/10 Timer 01:30
6 Plays Today
% Correct
10
85.6%
4
62.4%
5
60.3%
2
59.4%
6
58.9%
8
50.9%
1
49.1%
3
44.5%
9
42%
7
35.4%

Today's Daily Dose

Word Ladder
Homophones Ate

Quick Pick
RGB Colors

On This Day
August 18th II

You're not logged in!

Compare scores with friends on all Sporcle quizzes.
Join for Free
OR
Log In

You Might Also Like...

Show Comments

Extras

Top Quizzes Today


Score Distribution

Your Account Isn't Verified!

In order to create a playlist on Sporcle, you need to verify the email address you used during registration. Go to your Sporcle Settings to finish the process.

Report this User

Report this user for behavior that violates our Community Guidelines.

Details: